000 01409cam a22003495i 4500
001 14005316
003 EG-ScBUE
005 20260308092108.0
008 050616t2005 gw a f b 101 0 eng d
020 _a3540280081
020 _a9783540280088
040 _aEG-ScBUE
_beng
_erda
_cEG-ScBUE
_dEG-ScBUE
082 0 4 _a570.285
_bADV
_222
111 2 _aBrazilian Symposium on Bioinformatics
_n(1st :
_d2005 :
_cSão Leopoldo, Rio Grande del Sul, Brazil)
245 0 0 _aAdvances in bioinformatics and computational biology :
_bBrazilian Symposium on Bioinformatics, BSB 2005, Sao Leopoldo, Brazil, July 27-29, 2005 : proceedings /
_cJoão Carlos Setubal, Sergio Verjovski-Almeida, editors.
246 3 0 _aBSB 2005
264 1 _aBerlin :
_bSpringer,
_c[2005]
264 4 _cc2005
300 _axiv, 258 pages :
_billustrations ;
_c24 cm.
336 _2rdacontent
_atext
_btxt
337 _aunmediated
_2rdamedia
_bn
338 _avolume
_bnc
_2rdacarrier
490 0 _aLecture notes in computer science,
_x0302-9743 ;
_v3594.
_aLecture notes in bioinformatics
504 _aIncludes bibliographical references and index.
650 7 _aBioinformatics
_vCongresses.
_2BUEsh
_941065
650 7 _aComputational biology
_vCongresses.
_2BUEsh
653 _bCOMSCI
_cApril2018
655 _vReading book
700 1 _aSetubal, João Carlos,
_eeditor.
700 1 _aVerjovski-Almeida, Sérgio,
_eeditor.
942 _2ddc
_cBB
999 _c26615
_d26587